[Event "Ruhrgebiet Verbandsliga Gruppe 2 1819"]
[Site "Nordrheinwestfalen"]
[Date "2019.03.24"]
[Round "8.5"]
[White "Andersen, Knut"]
[Black "Canzler, Harald"]
[Result "1/2-1/2"]
[WhiteElo "1924"]
[BlackElo "1978"]
[PlyCount "127"]
[EventDate "2018.09.23"]
[EventType "team-tourn"]
[EventRounds "9"]
[EventCountry "GER"]
[SourceTitle "EXT 2022"]
[Source "ChessBase"]
[SourceDate "2021.10.06"]
[SourceVersion "1"]
[SourceVersionDate "2021.10.06"]
[SourceQuality "1"]
[WhiteTeam "Buer SF"]
[BlackTeam "Dortmund SV"]
[WhiteTeamCountry "GER"]
[BlackTeamCountry "GER"]

1. d4 g6 2. e4 Bg7 3. Nf3 d6 4. Be2 Nf6 5. Nc3 0-0 6. 0-0 c6 7. a4 Qc7 8. h3 e5 9. Be3 Nbd7 10. Qd2 exd4 11. Bxd4 Re8 12. Bd3 Ne5 13. Nxe5 dxe5 14. Be3 Be6 15. Qe2 Nh5 16. Rfd1 Nf4 17. Qe1 Rad8 18. Bf1 b6 19. Rxd8 Rxd8 20. Rd1 Bf8 21. Rxd8 Qxd8 22. Ne2 Qd6 23. Qc3 Bh6 24. Nxf4 exf4 25. Bd4 Bf8 26. Be5 Qd1 27. Bxf4 Bg7 28. Qxc6 Bxb2 29. Bh6 Qd8 30. Bb5 Bg7 31. Bf4 h5 32. Bd6 Kh7 33. e5 Qg5 34. Qc3 Bd5 35. Bf1 Qf4 36. a5 bxa5 37. Qxa5 Qd4 38. Bc5 Qd1 39. Qa4 Bxe5 40. Bxa7 Bh2+ 41. Kxh2 Qxf1 42. f3 Qc4 43. Qa1 Qf4+ 44. Kg1 f6 45. Qd1 Qf5 46. Bf2 Kg7 47. Qe2 Kf7 48. Qd2 g5 49. Qa5 Qe6 50. Qa7+ Kg6 51. Qd4 Qc6 52. Qd3+ Kg7 53. Bd4 Qe6 54. c3 Qe1+ 55. Kh2 Qe6 56. Qd2 Kf7 57. Qc2 Kg7 58. Qd1 Kf7 59. Qa1 Kg6 60. Qa7 g4 61. hxg4 hxg4 62. Qb8 gxf3 63. Qg3+ Kf7 64. gxf3 1/2-1/2

[Event "MVP-ch Seniors op 18th"]
[Site "Ostseebad Binz"]
[Date "2018.11.30"]
[Round "3"]
[White "Schwetje, Siegfried"]
[Black "Andersen, Knut"]
[Result "0-1"]
[WhiteElo "1889"]
[BlackElo "2021"]
[PlyCount "110"]
[EventDate "2018.11.28"]
[EventType "swiss"]
[EventRounds "9"]
[EventCountry "GER"]
[SourceTitle "CBM 188 Extra"]
[Source "ChessBase"]
[SourceDate "2019.02.26"]
[SourceVersion "1"]
[SourceVersionDate "2019.02.26"]
[SourceQuality "1"]

1. d4 Nf6 2. Nf3 e6 3. e3 b6 4. Bd3 Bb7 5. 0-0 Be7 6. Nbd2 d5 7. b3 0-0 8. Bb2 Nbd7 9. c4 Ne4 10. Bxe4 dxe4 11. Ne1 f5 12. f4 c5 13. Nc2 Bf6 14. Rf2 Qe7 15. Nf1 Rfd8 16. Rd2 cxd4 17. Nxd4 Nc5 18. Ba3 Qf7 19. Qe2 Nd3 20. Rad1 Bxd4 21. exd4 Rxd4 22. Qe3 Rad8 23. Bb2 R4d7 24. Bc3 Qe7 25. Qg3 Qc5+ 26. Ne3 Qc7 27. Kf1 Bc6 28. Bf6 Rf8 29. Bc3 Rff7 30. Kg1 Qxf4 31. Qxf4 Nxf4 32. Kf1 Rd3 33. Be5 Rxd2 34. Rxd2 Nd3 35. Bc3 h5 36. Nc2 Bb7 37. Nd4 e5 38. Nb5 Rd7 39. Nxa7 e3 40. Rc2 Nf4 41. g3 Rd1+ 42. Be1 e2+ 43. Kf2 Nd3+ 44. Kxe2 Rxe1+ 45. Kxd3 Be4+ 46. Kd2 Rh1 47. Rb2 Rxh2+ 48. Kc3 Rh3 49. Kb4 Rxg3 50. Nc8 f4 51. Nxb6 Rg2 52. Rxg2 Bxg2 53. c5 h4 54. Nd7 h3 55. Nxe5 h2 0-1

[Event "GER-ch Seniors 65"]
[Site "Hamburg"]
[Date "2018.07.27"]
[Round "7"]
[White "Ophoff, Rigobert"]
[Black "Andersen, Knut"]
[Result "1/2-1/2"]
[WhiteElo "1892"]
[BlackElo "2020"]
[PlyCount "104"]
[EventDate "2018.07.21"]
[EventType "swiss"]
[EventRounds "9"]
[EventCountry "GER"]
[SourceTitle "CBM 186 Extra"]
[Source "ChessBase"]
[SourceDate "2018.08.24"]
[SourceVersion "1"]
[SourceVersionDate "2018.08.24"]
[SourceQuality "1"]

1. c4 c5 2. Nc3 Nc6 3. g3 g6 4. Bg2 Bg7 5. d3 d6 6. e4 e6 7. Nge2 Nge7 8. Be3 Nd4 9. Qd2 0-0 10. 0-0 Nec6 11. h3 Rb8 12. Rab1 a6 13. Bh6 Bxh6 14. Qxh6 b5 15. Qd2 b4 16. Nxd4 cxd4 17. Ne2 Bd7 18. f4 Qa5 19. Ra1 Qc5 20. Kh2 a5 21. g4 f5 22. Ng3 Ne7 23. Rae1 Kh8 24. e5 d5 25. Rc1 dxc4 26. Rxc4 Qb6 27. Ne2 Bb5 28. Rxd4 Rfd8 29. Rxd8+ Rxd8 30. Nc1 Qd4 31. g5 Nd5 32. Bxd5 Qxd5 33. Kg3 Ba4 34. Qg2 Qc5 35. Qf2 Qc6 36. Qg2 Qc7 37. Qd2 Bb5 38. Rd1 Rd4 39. Qf2 Qd7 40. Qd2 Qd5 41. Qc2 Bc6 42. Qe2 a4 43. Qf2 Bb7 44. Qe2 Qc6 45. Qf2 Rd8 46. Qe2 Rc8 47. d4 Qe4 48. Qxe4 Bxe4 49. Nd3 a3 50. bxa3 Bxd3 51. Rxd3 Rc3 52. Rf3 Rc4 1/2-1/2

[Event "Gelsenkirchen Silvester op 5th"]
[Site "Gelsenkirchen"]
[Date "2017.12.29"]
[Round "5"]
[White "Andersen, Knut"]
[Black "Villwock, Martin"]
[Result "0-1"]
[WhiteElo "1971"]
[BlackElo "2075"]
[PlyCount "72"]
[EventDate "2017.12.27"]
[EventType "swiss"]
[EventRounds "5"]
[EventCountry "GER"]
[SourceTitle "CBM 182 Extra"]
[Source "ChessBase"]
[SourceDate "2018.02.23"]
[SourceVersion "1"]
[SourceVersionDate "2018.02.23"]
[SourceQuality "1"]

1. d4 g6 2. e4 Bg7 3. g3 d6 4. Bg2 e5 5. dxe5 Bxe5 6. Ne2 Nc6 7. c3 Bg7 8. 0-0 Nf6 9. Nd2 0-0 10. Nc4 Re8 11. Qc2 Bg4 12. Nd4 Nxd4 13. cxd4 Nxe4 14. Bxe4 d5 15. Ne3 Rxe4 16. f3 Rxe3 17. Bxe3 Bf5 18. Qd2 h5 19. Rac1 c6 20. Rc3 Qa5 21. a3 Qa4 22. Qd1 Qa6 23. Re1 Rc8 24. b4 Qb6 25. Qd2 a5 26. Rb3 Re8 27. Rd1 axb4 28. axb4 Ra8 29. Qb2 Qb5 30. Bf2 Ra4 31. Ra1 Rxa1+ 32. Qxa1 c5 33. Qa8+ Kh7 34. dxc5 Bh3 35. Rb1 Qd3 36. Qa2 Qxf3 0-1

[Event "Ruhrgebiet Verbandsklasse Gruppe 1 1718"]
[Site "Germany"]
[Date "2017.11.05"]
[Round "3.4"]
[White "Drewes, Martin"]
[Black "Andersen, Knut"]
[Result "1-0"]
[WhiteElo "1944"]
[BlackElo "1970"]
[PlyCount "115"]
[EventDate "2017.09.17"]
[EventType "team-tourn"]
[EventRounds "9"]
[EventCountry "GER"]
[SourceTitle "EXT 2022"]
[Source "ChessBase"]
[SourceDate "2021.10.06"]
[SourceVersion "1"]
[SourceVersionDate "2021.10.06"]
[SourceQuality "1"]
[WhiteTeam "Waltrop SV"]
[BlackTeam "Buer SF"]
[WhiteTeamCountry "GER"]
[BlackTeamCountry "GER"]

1. e4 c5 2. c3 Nf6 3. e5 Nd5 4. d4 cxd4 5. Nf3 Nc6 6. cxd4 e6 7. Nc3 Nxc3 8. bxc3 d5 9. Bd3 Be7 10. Qc2 h6 11. Rb1 0-0 12. 0-0 b6 13. Ne1 Na5 14. f4 Nc4 15. Qe2 Qc7 16. Rf3 Bd7 17. Bc2 Na3 18. Bxa3 Bxa3 19. Qd3 g6 20. Rg3 Be8 21. c4 Be7 22. cxd5 exd5 23. f5 Bh4 24. Rh3 Bg5 25. Nf3 Rc8 26. Bb3 Bd7 27. e6 fxe6 28. fxe6 Be8 29. Bxd5 Rf5 30. Bb3 Bb5 31. Qe4 Bc6 32. d5 Bxd5 33. Bxd5 Qc5+ 34. Kf1 Qxd5 35. Qxd5 Rxd5 36. Nxg5 hxg5 37. Re1 Kg7 38. Ra3 a5 39. Rae3 Re8 40. Rc3 Re7 41. Re4 b5 42. a3 Kf6 43. Rce3 Rd6 44. Rf3+ Kg7 45. Rb3 Rd5 46. Rbe3 Kf8 47. Re5 Rxe5 48. Rxe5 Rb7 49. Rxg5 b4 50. axb4 axb4 51. Rxg6 b3 52. e7+ Kf7 53. Rg7+ Kxg7 54. e8Q b2 55. Qe5+ Kg8 56. Qg5+ Kf8 57. Qh6+ Rg7 58. Qb6 1-0

[Event "GER-chT Seniors 26th"]
[Site "Templin"]
[Date "2017.09.28"]
[Round "4.3"]
[White "Andersen, Knut"]
[Black "Rust, Klaus"]
[Result "1/2-1/2"]
[WhiteElo "2108"]
[BlackElo "2065"]
[PlyCount "127"]
[EventDate "2017.09.25"]
[EventType "team-swiss"]
[EventRounds "7"]
[EventCountry "GER"]
[SourceTitle "EXT 2019"]
[Source "ChessBase"]
[SourceDate "2018.10.10"]
[SourceVersion "1"]
[SourceVersionDate "2018.10.10"]
[SourceQuality "1"]
[WhiteTeam "Nordrhein Westfalen II"]
[BlackTeam "Bremen"]
[WhiteTeamCountry "GER"]
[BlackTeamCountry "GER"]

1. d4 Nf6 2. Nc3 g6 3. e4 d6 4. Bg5 Bg7 5. Qd2 c6 6. 0-0-0 b5 7. f3 0-0 8. Bh6 b4 9. Nb1 Qa5 10. Bxg7 Kxg7 11. Bc4 Ba6 12. Bb3 Nbd7 13. Ne2 c5 14. c4 cxd4 15. Qxd4 Nb6 16. Nd2 Rac8 17. Kb1 e5 18. Qd3 d5 19. exd5 Nbxd5 20. f4 Rfd8 21. Qf3 Nxf4 22. Nxf4 exf4 23. Qxf4 Qc7 24. Rhf1 Qxf4 25. Rxf4 Rd7 26. Kc1 Bb7 27. Nf3 Rxd1+ 28. Kxd1 Ne4 29. Ne5 Rd8+ 30. Kc2 f5 31. Nd3 a5 32. g4 fxg4 33. c5 Nf6 34. Ne5 Be4+ 35. Kc1 Rc8 36. Kd2 Rxc5 37. Nxg4 Bf5 38. Ne3 Bd7 39. Rd4 Rh5 40. h4 Bb5 41. a4 bxa3 42. bxa3 Re5 43. Nc4 Bxc4 44. Bxc4 Re4 45. Kd3 Re1 46. Bb3 Re5 47. Kc4 h6 48. Ba4 g5 49. hxg5 hxg5 50. Bd1 Kf7 51. Kb3 Ke7 52. Ka4 Nd7 53. Kb3 Nb6 54. Bc2 Re3+ 55. Kb2 Ke6 56. Re4+ Rxe4 57. Bxe4 g4 58. Kc3 Ke5 59. Bh1 g3 60. Kd3 Kd6 61. Kd4 Nc8 62. Kc4 Na7 63. Bg2 Kc7 64. Kc5 1/2-1/2

[Event "GER-chT Seniors 26th"]
[Site "Templin"]
[Date "2017.09.26"]
[Round "2.3"]
[White "Andersen, Knut"]
[Black "Schowalter, Gerd"]
[Result "1-0"]
[WhiteElo "2108"]
[BlackElo "1946"]
[PlyCount "81"]
[EventDate "2017.09.25"]
[EventType "team-swiss"]
[EventRounds "7"]
[EventCountry "GER"]
[SourceTitle "EXT 2019"]
[Source "ChessBase"]
[SourceDate "2018.10.10"]
[SourceVersion "1"]
[SourceVersionDate "2018.10.10"]
[SourceQuality "1"]
[WhiteTeam "Nordrhein Westfalen II"]
[BlackTeam "Rheinland Pfalz II"]
[WhiteTeamCountry "GER"]
[BlackTeamCountry "GER"]

1. d4 d5 2. Bf4 Nf6 3. e3 Bf5 4. c4 e6 5. Nc3 c6 6. Qb3 Qc8 7. Nf3 Nbd7 8. Rc1 dxc4 9. Bxc4 Nb6 10. Nb5 Nfd5 11. Nd6+ Bxd6 12. Bxd6 Nxc4 13. Qxc4 Qd7 14. Bc5 f6 15. 0-0 Kf7 16. Rfe1 Bg4 17. Nd2 Nb6 18. Qb3 Qd5 19. f3 Qxb3 20. Nxb3 Bh5 21. Na5 Na4 22. Nxb7 Nxb2 23. Nd6+ Kg8 24. Rb1 Nd3 25. Red1 Nxc5 26. dxc5 h6 27. Rb7 Bg6 28. e4 Kh7 29. Rdb1 Rhd8 30. a4 a5 31. R1b6 Be8 32. Re7 Bg6 33. Rbb7 Rg8 34. Rxe6 Rab8 35. Ree7 Rxb7 36. Rxb7 Ra8 37. Kf2 h5 38. h4 Ra6 39. f4 Kh6 40. f5 Bh7 41. Nf7# 1-0

[Event "Schleswig Holstein-ch Seniors op 11th"]
[Site "Buesum"]
[Date "2017.09.09"]
[Round "2"]
[White "Thieme, Wolfgang"]
[Black "Andersen, Knut"]
[Result "0-1"]
[WhiteElo "1939"]
[BlackElo "2108"]
[PlyCount "76"]
[EventDate "2017.09.08"]
[EventType "swiss"]
[EventRounds "9"]
[EventCountry "GER"]
[SourceTitle "EXT 2019"]
[Source "ChessBase"]
[SourceDate "2018.10.10"]
[SourceVersion "1"]
[SourceVersionDate "2018.10.10"]
[SourceQuality "1"]

1. e4 d6 2. d4 Nf6 3. Nc3 g6 4. f4 Bg7 5. Nf3 0-0 6. e5 dxe5 7. dxe5 Qxd1+ 8. Kxd1 Ng4 9. Ke1 Rd8 10. Bc4 c6 11. Ng5 Nh6 12. Be3 b5 13. Bb3 Na6 14. h3 Nc7 15. Bc5 Bf8 16. Rd1 Rxd1+ 17. Kxd1 Na6 18. Bf2 e6 19. Nce4 Be7 20. c4 Nf5 21. c5 h6 22. Nf3 Nb4 23. g4 Ng7 24. Ke2 a5 25. a3 Nd5 26. Bxd5 exd5 27. Nd6 Ne6 28. Be3 b4 29. a4 Bd7 30. f5 Ng5 31. Nxg5 Bxg5 32. Bxg5 hxg5 33. h4 gxh4 34. Rxh4 Kg7 35. Nxf7 gxf5 36. Ng5 Kg6 37. Nf3 fxg4 38. Nd4 Re8 0-1

[Event "Berlin-ch Seniors op 33rd"]
[Site "Berlin"]
[Date "2017.02.09"]
[Round "9"]
[White "Andersen, Knut"]
[Black "Shapiro, Yosip"]
[Result "0-1"]
[WhiteElo "2063"]
[BlackElo "2061"]
[PlyCount "98"]
[EventDate "2017.01.31"]
[EventType "swiss"]
[EventRounds "9"]
[EventCountry "GER"]
[SourceTitle "EXT 2019"]
[Source "ChessBase"]
[SourceDate "2018.10.10"]
[SourceVersion "1"]
[SourceVersionDate "2018.10.10"]
[SourceQuality "1"]

1. d4 Nf6 2. Nf3 e6 3. Bg5 d5 4. c4 Bb4+ 5. Nc3 0-0 6. e3 h6 7. Bxf6 Qxf6 8. Qc2 c5 9. a3 Bxc3+ 10. bxc3 Nc6 11. Be2 dxc4 12. Bxc4 cxd4 13. cxd4 e5 14. dxe5 Nxe5 15. Nxe5 Qxe5 16. 0-0 Bf5 17. Qa2 b5 18. Bd5 Rac8 19. Rac1 Be6 20. Bxe6 Qxe6 21. Qxe6 fxe6 22. g3 Kf7 23. Rb1 a6 24. a4 Rb8 25. Rb4 Rfc8 26. Rfb1 Rc5 27. Kg2 e5 28. h4 Ke6 29. Rg4 Kf7 30. h5 Rb6 31. axb5 axb5 32. Rb2 Rc7 33. Re4 Kf6 34. g4 Rcb7 35. Rbb4 Re6 36. Kg3 Rd6 37. f4 Rd5 38. Rb3 Ke6 39. Kf3 Kd6 40. g5 exf4 41. gxh6 gxh6 42. exf4 Rxh5 43. Kg4 Rd5 44. Re8 Rg7+ 45. Kh4 Rf5 46. Rb4 h5 47. Kh3 Rg4 48. Re5 Rxe5 49. fxe5+ Kc6 0-1

[Event "Ruhrgebiet Verbandsklasse Gruppe 2 1617"]
[Site "Germany"]
[Date "2017.01.29"]
[Round "6.5"]
[White "Andersen, Knut"]
[Black "Parado, Dominado"]
[Result "1-0"]
[WhiteElo "1961"]
[BlackElo "1909"]
[PlyCount "77"]
[EventDate "2016.09.04"]
[EventType "team-tourn"]
[EventRounds "9"]
[EventCountry "GER"]
[SourceTitle "EXT 2022"]
[Source "ChessBase"]
[SourceDate "2021.10.06"]
[SourceVersion "1"]
[SourceVersionDate "2021.10.06"]
[SourceQuality "1"]
[WhiteTeam "Buer SF"]
[BlackTeam "Recklinghausen Sued"]
[WhiteTeamCountry "GER"]
[BlackTeamCountry "GER"]

1. d4 Nf6 2. Nf3 g6 3. c4 Bg7 4. Nc3 0-0 5. e4 d6 6. h3 e5 7. Be3 exd4 8. Nxd4 Re8 9. Bd3 Nc6 10. Nxc6 bxc6 11. 0-0 h6 12. Qd2 Kh7 13. Rad1 Nh5 14. c5 Qh4 15. f4 Bxh3 16. Qf2 Qxf2+ 17. Rxf2 Bg4 18. Rc1 f5 19. cxd6 cxd6 20. Rd2 fxe4 21. Ba6 Rad8 22. Bb7 Bxc3 23. Rxc3 c5 24. Bc6 Rf8 25. Ra3 Rf7 26. Bxc5 Nxf4 27. Rxd6 Rxd6 28. Bxd6 Ne2+ 29. Kh2 Bf5 30. Bc5 Nc1 31. Bd5 Rd7 32. Rxa7 Rxa7 33. Bxa7 h5 34. b4 Nd3 35. b5 Nb4 36. Bc4 Nc2 37. Bc5 e3 38. b6 Be4 39. Bd3 1-0

[Event "Schleswig Holstein-ch Seniors op 10th"]
[Site "Buesum"]
[Date "2016.10.04"]
[Round "9"]
[White "Andersen, Knut"]
[Black "Kierzek, Matthias"]
[Result "1/2-1/2"]
[WhiteElo "2025"]
[BlackElo "2199"]
[PlyCount "77"]
[EventDate "2016.09.26"]
[EventType "swiss"]
[EventRounds "9"]
[EventCountry "GER"]
[SourceTitle "EXT 2019"]
[Source "ChessBase"]
[SourceDate "2018.10.10"]
[SourceVersion "1"]
[SourceVersionDate "2018.10.10"]
[SourceQuality "1"]

1. d4 d5 2. c4 c6 3. Nf3 Nf6 4. Nc3 dxc4 5. a4 Bf5 6. Ne5 Nbd7 7. Nxc4 Nb6 8. Ne5 a5 9. f3 g5 10. e4 Be6 11. Be3 Bg7 12. Be2 0-0 13. 0-0 Ne8 14. Qc1 f6 15. Nd3 Bf7 16. Bf2 Nd6 17. Nc5 Nbc8 18. d5 f5 19. dxc6 bxc6 20. Rd1 Qc7 21. Bd3 fxe4 22. N3xe4 Nxe4 23. Bxe4 Nd6 24. Bd3 Rfd8 25. Re1 e5 26. Qc2 Kh8 27. Ne4 Rab8 28. Nxd6 Qxd6 29. Be4 Bd5 30. Bc5 Bxe4 31. Rxe4 Qd2 32. Qxd2 Rxd2 33. b4 axb4 34. Bxb4 Rc2 35. Ra3 Bf8 36. Rc3 Ra2 37. Rcc4 Rxb4 38. Rxb4 Bxb4 39. Rxb4 1/2-1/2